000 00889nas a2200289 4500
001 BR9512128
003 BR-BrBNA
005 20231205095625.0
007 ta
008 230509b bl.|||p| |||| 00| 00por d
040 _aBR-BrBNA
_bpor
_cBiblioteca Nacional de Agricultura
041 _a(Pt)
072 _aF63
100 1 _aRosier, J.P.
100 1 _aCarbonneau, A.
245 1 _aMedidas de superficie foliar na comparacao de dois sistemas de conducao da videira cultivada em solos argiloso e arenoso
650 _aUva
650 _aFotossintese
650 _aAnalise Foliar
650 _aTutoramento
650 _aPropriedade Fisico-Quimica
650 _aSolo Argiloso
650 _aSolo Arenoso
773 0 _tRevista Ceres (Brazil)
_xISSN 0034-737X
_g(May-Jun 1995), v. 42(241) p. 253-262
_wBR9512128
909 _a202311
_bLúcia
_c55
_dLúcia Elande
942 _2AGRIS
_n0
_cANA
999 _c151758
_d151758